Normal view
MARC view
- رعاية الطفولة-المجتمع الاسلامي-الاسرة-الاسلام
Entry Topical Term
001 - CONTROL NUMBER
- control field: 17901
003 - CONTROL NUMBER IDENTIFIER
- control field: JO-AjAnu
005 - DATE AND TIME OF LATEST TRANSACTION
- control field: 20230606073143.0
008 - FIXED-LENGTH DATA ELEMENTS
- fixed length control field: 230606|| aca||aabn | a|a d
040 ## - CATALOGING SOURCE
- Original cataloging agency: JO-AjAnu
- Transcribing agency: JO-AjAnu
150 ## - HEADING--TOPICAL TERM
- Topical term or geographic name entry element: رعاية الطفولة-المجتمع الاسلامي-الاسرة-الاسلام
670 ## - SOURCE DATA FOUND
- Source citation: Work cat.: (JO-AjAnu)9193: حوامدة،باسم علي ، القادري،احمد رشيد ، أبو شريخ،شاهر ذيب, author 17900, تربية الأطفال في الإسلام